Experiments in Java : An introductory lab manual (Record no. 167263)

MARC details
000 -LEADER
fixed length control field 00401nam a2200145Ia 4500
008 - FIXED-LENGTH DATA ELEMENTS--GENERAL INFORMATION
fixed length control field 231217s9999 xx 000 0 und d
041 ## - LANGUAGE CODE
Language code of text/sound track or separate title English
082 ## - DEWEY DECIMAL CLASSIFICATION NUMBER
Classification number 001.6424JAV REB `R'
100 ## - MAIN ENTRY--PERSONAL NAME
Personal name Rebelsky, Samuel A
245 #0 - TITLE STATEMENT
Title Experiments in Java : An introductory lab manual
260 ## - PUBLICATION, DISTRIBUTION, ETC.
Date of publication, distribution, etc. 2000
Name of publisher, distributor, etc. Massachusetts : Addison-Wesley,
300 ## - PHYSICAL DESCRIPTION
Extent xxvii+444
650 ## - SUBJECT ADDED ENTRY--TOPICAL TERM
Topical term or geographic name entry element Java Lab manual
942 ## - ADDED ENTRY ELEMENTS (KOHA)
Koha item type Books
Holdings
Date last seen Total checkouts Full call number Accession number Cost, total (INR) price Price effective from Category Lost status Damaged status Department Withdrawn status Home library Current library Entry date Vendor Cost, normal purchase price Grants Billnumber Billdate Currency symbol Conversion rate Discount Old discount
26/01/2024   001.6424JAV REB `R' 16071 170.00 26/01/2024 Books     Central Library   Central Library Central Library 30/08/2000 VBH 200.00 CS 1151 23/09/2003 RS 1 30 15
26/01/2024   001.6424JAV REB;1 R' 16710 191.25 26/01/2024 Books     Central Library   Central Library Central Library 07/12/2000 Sai Books 225.00 CS 1059 26/02/2010 RS 1 33.75 15
26/01/2024     16711 191.25 26/01/2024 Books     Central Library   Central Library Central Library 07/12/2000 Sai Books 225.00 CS 1059 26/02/2010 RS 1 33.75 15
26/01/2024   001.6424JAV REB;3 16712 191.25 26/01/2024 Books     Central Library   Central Library Central Library 07/12/2000 Sai Books 225.00 CS 1059 13/06/2012 RS 1 33.75 15
26/01/2024   001.6424JAV REB;3 17130 191.25 26/01/2024 Books     Central Library   Central Library Central Library 09/03/2001 Sai Books 225.00 MCA 1091 13/01/2004 RS 1 33.75 15

© For any Suggestions or Query, please contact the library staff @ librarian@pes.edu or Phone: +9180 2672 1983/ 2108.